| 000 | 00593nam a2200193 a 4500 | ||
|---|---|---|---|
| 001 | 000001957 | ||
| 005 | 20200929145755.0 | ||
| 008 | 090630s1970 xxua r 001 0 eng d | ||
| 040 |
_aDO-SdBNP _bspa _cBNPHU |
||
| 082 |
_axxxx _bxxxx |
||
| 100 | 1 |
_aYeoman, R. S. _96350 |
|
| 245 | 1 | 0 |
_aA guide book of United States coins / _cR. S. Yeoman. |
| 250 | _a23a ed. | ||
| 260 |
_aEstados Unidos : _bWhitman, _c1970. |
||
| 300 |
_a255 p. : _bil. ; _c20 cm. |
||
| 500 | _aIncluye índice | ||
| 504 | _aIncluye referencias bilbiográficas y notas al pie de las páginas | ||
| 590 | _aInventariado, 2019/BT | ||
| 999 |
_c1823 _d1823 |
||